Music Quiz

Random Music or Album Quiz

Back Covers of Famous Albums Quiz Stats

Quiz not verified by Sporcle

Challenge
Share
Tweet
Score 0/25 Timer 10:00
0 Plays Today
% Correct
Dark Side of the Moon (Pink Floyd)
100%
Synchronicity (The Police)
76.5%
Saturday Night Fever Soundtrack (Various Artists)
74.5%
Nevermind (Nirvana)
72.5%
Like a Prayer (Madonna)
53.9%
News of the World (Queen)
51%
Glass Houses (Billy Joel)
48%
Master of Puppets (Metallica)
43.1%
Jagged Little Pill (Alanis Morissette)
43.1%
Rio (Duran Duran)
40.2%
Out of Time (R.E.M.)
31.4%
The Sign (Ace of Base)
27.5%
Holy Diver (Dio)
25.5%
% Correct
Riptide (Robert Palmer)
19.6%
Skylarking (XTC)
17.6%
In Color. (Cheap Trick)
15.7%
Voices (Hall & Oates)
14.7%
Power, Corruption & Lies (New Order)
14.7%
Harvest (Neil Young)
12.7%
Smash (The Offspring)
12.7%
December's Children (And Everybody's) (The Rolling Stones)
10.8%
I'm Still in Love with You (Al Green)
9.8%
Centerfield (John Fogerty)
7.8%
Learning to Crawl (Pretenders)
3.9%
On the Level (Status Quo)
2.9%

You're not logged in!

Compare scores with friends on all Sporcle quizzes.
Join for Free
OR
Log In

You Might Also Like...

Show Comments

Extras

Top Quizzes Today


Score Distribution

Your Account Isn't Verified!

In order to create a playlist on Sporcle, you need to verify the email address you used during registration. Go to your Sporcle Settings to finish the process.

Report this User

Report this user for behavior that violates our Community Guidelines.

Details: